Score 0/28 Timer 06:00
1 Play Today
% Correct
Charles
98.6%
Mark
98.1%
Jane
97.9%
Oscar
97.7%
Charlotte
96.5%
Mary
95.8%
Leo
95.6%
Victor
95.2%
Lewis
95%
Jules
94.8%
Rudyard
94.3%
Bram
94%
Walt
93.7%
Herman
92%
% Correct
Alexandre
91.8%
Nathaniel
90.7%
Friedrich
90.1%
Fyodor
89.4%
Anton
87%
Alfred
86.9%
George
84.9%
Washington
84.8%
Joseph
83.6%
Henrik
81.2%
Gustave
77.5%
Nikolai
74.1%
Horatio
70.6%
Wilkie
67.7%
Remove Ads.
Support Sporcle.
Get the best of Sporcle when you Go Orange. This ad-free experience offers more features, more stats, and more fun while also helping to support Sporcle. Thank you for becoming a member.

You're not logged in!

Compare scores with friends on all Sporcle quizzes.
OR
Log In

Show Comments

Extras

Top Quizzes Today


Score Distribution

Your Account Isn't Verified!

In order to create a playlist on Sporcle, you need to verify the email address you used during registration. Go to your Sporcle Settings to finish the process.

Report this User

Report this user for behavior that violates our Community Guidelines.

Details: